| 000 | 00408pab a2200157 454500 | ||
|---|---|---|---|
| 008 | 180718b2017 xxu||||| |||| 00| 0 eng d | ||
| 100 | _aPandit, Unnat | ||
| 245 | _aInnovation led reforms for new India | ||
| 260 | _c2017 | ||
| 300 | _ap.30-33. | ||
| 362 | _aOct | ||
| 650 | _aEconomic and social development - India | ||
| 650 | _aEconomic and social development | ||
| 773 | _aYojana | ||
| 909 | _a116396 | ||
| 999 |
_c116390 _d116390 |
||